000
00267nam a2200109Ia 4500
008
200302s9999 xx 000 0 und d
100
_a
Fremdkorper
245
_a
Modern Furniture 150 Years of Design
260
_b
Tandem Verlag Gmbh
260
_c
2009
300
_a
703 P.,
999
_c
2995
_d
2995